00822cam a2200145 i 4500999001500000020004400015100001400059245010700073250001100180260004500191300003000236490003200266942001400298952036400312 c7019d7019 a9789861858883c新臺幣280元 (平裝)1 a戴更基10a狗狗這樣教, 主人好輕鬆2 :b不打不罵不關, 33招解決所有狗狗問題 /c戴更基著 a初版 a臺北市 :b高寶國際,c2013[民102] a220面 :b圖 ;c21公分1 a新視野aNew Windowv138. 2cclcBOOK 00102ccl4070ayeezenbyeezencYEEZENd2020-01-17l7m5o437.354pC02622r2023-12-11 00:00:00s2023-11-14w2020-01-17yBOOKz訓練狗狗不是壓制牠、打牠、告訴牠誰是BOSS!狗狗其實跟我們很像,如果你不想回到過去君主統治的時代,被當成奴隸鞭打,就不要強迫狗狗屈服在你的主人權威及鞭子之下!